Knitting fashion (Record no. 36276)

MARC details
000 -LEADER
fixed length control field 00277nam a2200121Ia 4500
082 ## - DEWEY DECIMAL CLASSIFICATION NUMBER
Classification number 646.2
Item number DAW
100 ## - MAIN ENTRY--AUTHOR NAME
Personal name Dawson, Palm
245 #0 - TITLE STATEMENT
Title Knitting fashion
260 ## - PUBLICATION, DISTRIBUTION, ETC. (IMPRINT)
Place of publication London
Name of publisher B B C
Year of publication 1976
650 ## - SUBJECT ADDED ENTRY--TOPICAL TERM
Topical Term Knitting
942 ## - ADDED ENTRY ELEMENTS (KOHA)
Koha item type Books
Holdings
Withdrawn status Lost status Damaged status Not for loan Home library Current library Date acquired Cost, normal purchase price Full call number Accession Number Koha item type
        RRII Library RRII Library 16/12/2021 70.47 646.2 DAW 16687 Books